000
00282nam a2200109Ia 4500
005
20251222143244.0
008
251222s9999||||xx |||||||||||||| ||spa||
082
_a
363.685/A41
245
0
_a
Inversión en Infraestructura en el Perú:
264
_b
Fondo Editorial ESAN
942
_c
LIB
999
_c
14701
_d
14701